Tejidos de Guatemala (Record no. 10230)

MARC details
000 -CABECERA
campo de control de longitud fija 01102nam a2200301 a 4500
001 - NÚMERO DE CONTROL
campo de control BRL_1420
005 - FECHA Y HORA DE LA ÚLTIMA TRANSACCIÓN
campo de control 20190320211209.0
008 - DATOS DE LONGITUD FIJA--INFORMACIÓN GENERAL
campo de control de longitud fija 130114s1989----sp-aob####---#000-0#spa-#
020 ## - NÚMERO INTERNACIONAL ESTÁNDAR DEL LIBRO
Número Internacional Estándar del Libro 8476092865
041 ## - CÓDIGO DE LENGUA
Código de lengua del texto/banda sonora o título independiente esp
044 ## - CÓDIGO DEL PAÍS DE LA ENTIDAD EDITORA/PRODUCTORA
Código MARC del país sp
050 #4 - SIGNATURA TOPOGRÁFICA DE LA BIBLIOTECA DEL CONGRESO
Número de clasificación F1465.3.T4
Número de documento/Ítem .T45 1989
245 10 - MENCIÓN DE TÍTULO
Título Tejidos de Guatemala
Resto del título Museo Etnológico, Barcelona, abril-diciembre 1989
Mención de responsabilidad, etc. textos, Silvia Ventosa, Fina Aler.
260 ## - PUBLICACIÓN, DISTRIBUCIÓN, ETC.
Lugar de publicación, distribución, etc. [Barcelona]
Nombre del editor, distribuidor, etc. Ayuntamiento de Barcelona
Fecha de publicación, distribución, etc. 1989
300 ## - DESCRIPCIÓN FÍSICA
Extensión 105 p.
Otras características físicas il. (algunas a color)
Dimensiones 21 cm.
440 #0 - MENCIÓN DE SERIE/PUNTO DE ACCESO ADICIONAL--TÍTULO
Título Col. Petits catálegs d´exposicions
Designación de volumen o secuencia núm.52
9 (RLIN) 26851
500 ## - NOTA GENERAL
Nota general Au1633
500 ## - NOTA GENERAL
Nota general Incluye catálogo de piezas expuestas p. 87-103
504 ## - NOTA DE BIBLIOGRAFÍA, ETC.
Nota de bibliografía, etc. Bibliografía: p. 85-86
650 14 - PUNTO DE ACCESO ADICIONAL DE MATERIA--TÉRMINO DE MATERIA
Término de materia o nombre geográfico como elemento de entrada Industria textil indígena
Subdivisión de forma Exposiciones
Subdivisión geográfica Guatemala
9 (RLIN) 26852
650 14 - PUNTO DE ACCESO ADICIONAL DE MATERIA--TÉRMINO DE MATERIA
Término de materia o nombre geográfico como elemento de entrada Indígenas de América Central
Subdivisión de forma Exposiciones
Subdivisión general Indumentaría
Subdivisión geográfica Guatemala
9 (RLIN) 26853
650 14 - PUNTO DE ACCESO ADICIONAL DE MATERIA--TÉRMINO DE MATERIA
Término de materia o nombre geográfico como elemento de entrada Tejeduría
Subdivisión de forma Exposiciones
Subdivisión geográfica Guatemala
9 (RLIN) 26854
700 1# - PUNTO DE ACCESO ADICIONAL--NOMBRE DE PERSONA
Nombre de persona Ventosa, Silvia
9 (RLIN) 26855
700 1# - PUNTO DE ACCESO ADICIONAL--NOMBRE DE PERSONA
Nombre de persona Alert, Fina
9 (RLIN) 26856
710 2# - PUNTO DE ACCESO ADICIONAL--NOMBRE DE ENTIDAD CORPORATIVA
Nombre de entidad corporativa o nombre de jurisdicción como elemento de entrada Museu Etnológic (Barcelona, Spain)
9 (RLIN) 26857
902 ## - CATALOGADOR
Iniciales GRL
942 ## - ELEMENTOS DE PUNTO DE ACCESO ADICIONAL (KOHA)
Fuente del sistema de clasificación o colocación Library of Congress Classification
Tipo de ítem Koha Libros
Holdings
Estado de retiro Estado de pérdida Estado dañado No para préstamo Localización permanente Ubicación/localización actual Fecha de adquisición Número de inventario Total de préstamos Signatura topográfica completa Código de barras Fecha visto por última vez Precio válido a partir de Tipo de ítem Koha
El ejemplar forma parte de la colección y puede ser consultado según las políticas vigentes.       Biblioteca Centro de Estudios Ruth D. Lechuga Biblioteca Centro de Estudios Ruth D. Lechuga 13/01/2014 Au1633   F1465.3.T4 .T45 1989 (Au1633) GRL01578 22/03/2019 22/03/2019 Libros